Monster plants : (Record no. 5502)
[ view plain ]
| 000 -LEADER | |
|---|---|
| fixed length control field | 01206nam a22002897a 4500 |
| 001 - CONTROL NUMBER | |
| control field | 5502 |
| 003 - CONTROL NUMBER IDENTIFIER | |
| control field | FISKH |
| 005 - DATE AND TIME OF LATEST TRANSACTION | |
| control field | 20250116165406.0 |
| 008 - FIXED-LENGTH DATA ELEMENTS--GENERAL INFORMATION | |
| fixed length control field | 241213b cb ||||| |||| 00| 0 eng d |
| 020 ## - INTERNATIONAL STANDARD BOOK NUMBER | |
| International Standard Book Number | 9780545203265 |
| 040 ## - CATALOGING SOURCE | |
| Original cataloging agency | FISKH |
| Language of cataloging | eng |
| Transcribing agency | FISKH |
| Modifying agency | FISKH |
| 082 ## - DEWEY DECIMAL CLASSIFICATION NUMBER | |
| Classification number | 580 |
| 100 ## - MAIN ENTRY--PERSONAL NAME | |
| Personal name | Rice, Barry |
| 245 ## - TITLE STATEMENT | |
| Title | Monster plants : |
| Remainder of title | meat eaters, real stinkers, and other leafy oddities / |
| Statement of responsibility, etc. | by Barry Rice |
| 250 ## - EDITION STATEMENT | |
| Edition statement | First printing, February 2010 |
| 260 ## - PUBLICATION, DISTRIBUTION, ETC. | |
| Place of publication, distribution, etc. | New York : |
| Name of publisher, distributor, etc. | Scholastic ; |
| Date of publication, distribution, etc. | 2010 . |
| 300 ## - PHYSICAL DESCRIPTION | |
| Extent | 32 pages : |
| Other physical details | color illustrations ; |
| Dimensions | 26 cm . |
| 505 ## - FORMATTED CONTENTS NOTE | |
| Formatted contents note | Y <br/> |
| 520 ## - SUMMARY, ETC. | |
| Summary, etc. | These monsters do not have legs or brains, but they know how to snatch creepy crawlies and smash them up for dinner. They can latch on to other organisms and suck the lives out of them. They can even stink like rotting flesh. Turn the pages of this book if you dare to discover the science behind some of the strangest and deadliest plants on earth - back cover. |
| 521 8# - TARGET AUDIENCE NOTE | |
| Target audience note | 880 <br/> |
| Source | Lexile IG <br/> |
| 521 8# - TARGET AUDIENCE NOTE | |
| Target audience note | Y <br/> |
| Source | Raz-Plus <br/> |
| 650 ## - SUBJECT ADDED ENTRY--TOPICAL TERM | |
| Topical term or geographic name entry element | science |
| Form subdivision | Non-fiction |
| 650 ## - SUBJECT ADDED ENTRY--TOPICAL TERM | |
| Topical term or geographic name entry element | children |
| Form subdivision | Non-fiction |
| 700 ## - ADDED ENTRY--PERSONAL NAME | |
| Personal name | Windau, Jennifer Rinaldi |
| Relator term | Book designer |
| 942 ## - ADDED ENTRY ELEMENTS (KOHA) | |
| Source of classification or shelving scheme | Dewey Decimal Classification |
| Koha item type | Books |
| Suppress in OPAC | No |
| Withdrawn status | Lost status | Source of classification or shelving scheme | Damaged status | Not for loan | Collection | Home library | Current library | Shelving location | Date acquired | Total Checkouts | Full call number | Barcode | Date last seen | Copy number | Price effective from | Koha item type |
|---|---|---|---|---|---|---|---|---|---|---|---|---|---|---|---|---|
| Dewey Decimal Classification | Non-Fiction | Footprints International School Library Network Toul Kork Campus | Footprints International School Library Network Toul Kork Campus | TTP Secondary Non-Fiction Bookshelves | 12/13/2024 | RIC 580 | FIS05562 | 12/13/2024 | 1 | 12/13/2024 | Books | |||||
| Dewey Decimal Classification | Non-Fiction | Footprints International School Library Network Toul Kork Campus | Footprints International School Library Network Toul Kork Campus | TTP Secondary Non-Fiction Bookshelves | 12/13/2024 | RIC 580 | FISSE01444 | 01/16/2025 | 2 | 12/13/2024 | Books | |||||
| Dewey Decimal Classification | Non-Fiction | Footprints International School Library Network Toul Tom Poung Campus | Footprints International School Library Network Toul Tom Poung Campus | TTP Secondary Non-Fiction Bookshelves | 07/22/2025 | RIC 580 | FISSE01483 | 07/22/2025 | 3 | 07/22/2025 | Books |
